<?xml version="1.0" encoding="utf-8"?>
<?xml-stylesheet type='text/xsl' href='./oai2.xsl'?>
<OAI-PMH xmlns="http://www.openarchives.org/OAI/2.0/" xmlns:xsi="http://www.w3.org/2001/XMLSchema-instance" xsi:schemaLocation="http://www.openarchives.org/OAI/2.0/ http://www.openarchives.org/OAI/2.0/OAI-PMH.xsd">
  <responseDate>2026-04-29T22:22:08Z</responseDate>
  <request verb="GetRecord" metadataPrefix="marcxml" identifier="record_kuniweb_395601">https://kulturerbe.niedersachsen.de/oai</request>
  <GetRecord>
    <record>
      <header>
        <identifier>record_kuniweb_395601</identifier>
        <datestamp>2026-03-31T19:09:18Z</datestamp>
        <setSpec>slg0233</setSpec>
      </header>
      <metadata>
        <marc:record xmlns:marc="http://www.loc.gov/MARC21/slim" xsi:schemaLocation="http://www.loc.gov/MARC21/slim http://www.loc.gov/standards/marcxml/schema/MARC21slim.xsd">
          <marc:leader>12345nrm  22     uu 4500</marc:leader>
          <marc:controlfield tag="001">395601</marc:controlfield>
          <marc:controlfield tag="003">http://kuniweb.gbv.de</marc:controlfield>
          <marc:controlfield tag="005">2024-03-27T16:20:44</marc:controlfield>
          <marc:controlfield tag="008">|           ||||||||||||||||||||||</marc:controlfield>
          <marc:datafield tag="245" ind1="1" ind2="0">
            <marc:subfield code="a">Griffschale</marc:subfield>
          </marc:datafield>
          <marc:datafield tag="720" ind1=" " ind2=" ">
            <marc:subfield code="a">WMF Württembergische Metallwarenfabrik &lt;Geislingen, Steige&gt; / Abteilung für Galvanoplastik</marc:subfield>
          </marc:datafield>
          <marc:datafield tag="655" ind1=" " ind2="7">
            <marc:subfield code="a">Kunsthandwerk</marc:subfield>
          </marc:datafield>
          <marc:datafield tag="046" ind1=" " ind2=" ">
            <marc:subfield code="k">1901</marc:subfield>
            <marc:subfield code="k">1. Hälfte 20. Jahrhundert</marc:subfield>
            <marc:subfield code="l">1942</marc:subfield>
          </marc:datafield>
          <marc:datafield tag="260" ind1=" " ind2=" ">
            <marc:subfield code="g">1901</marc:subfield>
            <marc:subfield code="g">1942</marc:subfield>
            <marc:subfield code="g">1. Hälfte 20. Jahrhundert</marc:subfield>
          </marc:datafield>
          <marc:datafield tag="300" ind1=" " ind2=" ">
            <marc:subfield code="a">Höhe: 7 cm
Durchmesser: 18,7 cm
Breite: 33 cm (mit Griff)</marc:subfield>
          </marc:datafield>
          <marc:datafield tag="520" ind1=" " ind2=" ">
            <marc:subfield code="a">Galvanoplastische Nachbildung einer silbernen Griffschale des "Hildesheimer Silberfunds": Über einem Standring erhebt sich der leicht gebauchte Korpus, dessen ausschwingender Rand durch einen Wulstring betont wird. Daran setzt mit zwei Entenköpfen der mittig geschnürte, ornamentierte Griff an. 
Auf dem Boden weist die Schale eine Gravierung auf: „GALVANOPLASTISCHE NACHBILDUNG DES HILDESHEIMER SILBERFUNDES // WÜRTTEMBERGISCHE METALLWARENFABRIK GEISLINGEN – ST“. (Städtisches Museum Braunschweig)

Gravur:
„GALVANOPLASTISCHE NACHBILDUNG DES HILDESHEIMER SILBERFUNDES // WÜRTTEMBERGISCHE METALLWARENFABRIK GEISLINGEN – ST“. (Boden)

Veröffentlicht in:
„Formsammlung Walter und Thomas Dexel, Braunschweig : Metallgerät“. Olms, Hildesheim [u.a.], 2005. (S. 49, Nr. 80.)</marc:subfield>
          </marc:datafield>
          <marc:datafield tag="500" ind1=" " ind2=" ">
            <marc:subfield code="a">Kauf

1942

VerkäuferIn: WMF Württembergische Metallwarenfabrik &lt;Geislingen, Steige&gt; / Abteilung für Galvanoplastik</marc:subfield>
          </marc:datafield>
          <marc:datafield tag="650" ind1="1" ind2=" ">
            <marc:subfield code="a">Kunsthandwerk</marc:subfield>
          </marc:datafield>
          <marc:datafield tag="650" ind1="1" ind2=" ">
            <marc:subfield code="a">Behältnis, Hülle &gt; Behältnis &gt; Gefäß &gt; Schüssel, Schale &gt; Schale</marc:subfield>
          </marc:datafield>
          <marc:datafield tag="650" ind1="1" ind2=" ">
            <marc:subfield code="a">Gebrauchsgegenstand</marc:subfield>
          </marc:datafield>
          <marc:datafield tag="650" ind1="1" ind2=" ">
            <marc:subfield code="a">Eß- und Serviergeschirr</marc:subfield>
          </marc:datafield>
          <marc:datafield tag="773" ind1="0" ind2=" ">
            <marc:subfield code="t">Formsammlung</marc:subfield>
          </marc:datafield>
          <marc:datafield tag="852" ind1=" " ind2=" ">
            <marc:subfield code="a">Städtisches Museum Braunschweig</marc:subfield>
          </marc:datafield>
          <marc:datafield tag="852" ind1=" " ind2=" ">
            <marc:subfield code="a">Geislingen an der Steige</marc:subfield>
          </marc:datafield>
          <marc:datafield tag="" ind1=" " ind2=" ">
            <marc:subfield code="a">Namensnennung - Nicht kommerziell - Keine Bearbeitungen 4.0 International (CC BY-NC-ND 4.0)</marc:subfield>
          </marc:datafield>
        </marc:record>
      </metadata>
    </record>
  </GetRecord>
</OAI-PMH>
